Primera D - Estadísticas

Estadísticas generales
  • Esta prueba ha sido intentada 56 veces
  • La puntuación promedio es 8 de 11
Estadísticas de respuestas
Imagen Respuesta % Correcto
Yupanqui
92%
Deportivo Paraguayo
81%
Lugano
75%
Sportivo Barracas
69%
Centro Español
67%
Juventud Unida
67%
Muñiz
67%
Central Ballester
61%
Defensores de Cambaceres
61%
Mercedes
61%
Argentino de Rosario
58%
No se encontraron pruebas coincidentes
Distribución de puntuación
Porcentaje de gente con cada puntuación
Porcentaje por número respondido
Historial de tus puntuaciones
No has intentado esta prueba.